000
00317nam a2200109Ia 4500
008
171211s9999 xx 000 0 und d
245
4
_a
The Creation of Wing Chun
245
_c
Benjamin N. Judkins and Jon Nielson
260
_c
2015
650
_x
Martial Arts
856
_u
http://down.ebook777.com/065/9781438456942.pdf
999
_c
348168
_d
348168